London offices market analysis (Record no. 81748)

MARC details
000 -LEADER
fixed length control field 01122cab a22002055a 4500
001 - CONTROL NUMBER
control field L148198
008 - FIXED-LENGTH DATA ELEMENTS--GENERAL INFORMATION
fixed length control field 090818e20090725xxkado f s 000 0 eng d
035 ## - SYSTEM CONTROL NUMBER
System control number (Sirsi) u148198
041 0# - LANGUAGE CODE
Language code of text/sound track or separate title eng
110 2# - MAIN ENTRY--CORPORATE NAME
Corporate name or jurisdiction name as entry element Estates Gazette
9 (RLIN) 298
245 00 - TITLE STATEMENT
Title London offices market analysis
260 ## - PUBLICATION, DISTRIBUTION, ETC.
Date of publication, distribution, etc. 2009
490 ## - SERIES STATEMENT
Series statement Estates Gazette
Volume/sequential designation (0929) 25 July 2009, 59-76 (17)
490 ## - SERIES STATEMENT
Series statement Estates Gazette London Offices Market Analysis
Volume/sequential designation (issue 2) April-June 2009, 1-17 (17)
520 ## - SUMMARY, ETC.
Summary, etc. Discusses take up, supply, availability rates, asking rents, construction and investment trends for various locations within London. Reports that the market is still experiencing the consequences of the credit crunch. Forecasts an important loss of economic output and employment. Average rental prices are still reducing in London. Explains that there is a slight improvement in the investment market in the second quarter 2009. Reveals that the rate of decline of capital values is slower. Suggests a very slow pace to recovery.
590 ## - LOCAL NOTE (RLIN)
Local note KA
651 #4 - SUBJECT ADDED ENTRY--GEOGRAPHIC NAME
Geographic name London
690 ## - LOCAL SUBJECT ADDED ENTRY--TOPICAL TERM (OCLC, RLIN)
Topical term or geographic name as entry element PROPERTY-OFFICE PROPERTY-OFFICE PROPERTY MARKET
942 ## - ADDED ENTRY ELEMENTS (KOHA)
Suppress in OPAC 0
Holdings
Withdrawn status Lost status Source of classification or shelving scheme Damaged status Not for loan Home library Current library Shelving location Date acquired Total Checkouts Full call number Barcode Date last seen Copy number Price effective from Koha item type
    Dewey Decimal Classification     London London Journal article 18/08/2009   L148198 148198-1001 06/08/2019 1 06/08/2019 Journal article